[Event "Groningen"]
[Site "Groningen"]
[Date "1994.??.??"]
[Round "6"]
[White "Gulko, Boris F"]
[Black "Almasi, Zoltan"]
[Result "1/2-1/2"]
[WhiteElo "2590"]
[BlackElo "2620"]
[Annotator "Ribli,Z"]
[PlyCount "57"]
[EventDate "1994.12.??"]
[EventType "tourn"]
[EventRounds "11"]
[EventCountry "NED"]
[EventCategory "15"]
[SourceTitle "CBM 045"]
[Source "ChessBase"]
[SourceDate "1995.04.01"]
[SourceVersion "1"]
[SourceVersionDate "1995.04.01"]
[SourceQuality "1"]

1. c4 e5 2. Nc3 Nf6 3. Nf3 Nc6 4. g3 Bb4 5. Nd5 Bc5 6. Bg2 O-O 7. O-O d6 8. e3
Bb6 (8... Bg4 9. h3 Bh5 10. d3 (10. g4 $5) 10... Bb6 11. a3 Nxd5 12. cxd5 Ne7
$13 {Petursson,M-Karpov,An/Reykjavik/1994/EXP40/}) 9. Nxb6 (9. d4 Bg4 $13 {
Ehlvest,J-Hansen,Cu/Groningen PCA/1993/CBM39/}) 9... axb6 10. b3 Bg4 (10... Bf5
11. d3 Qd7 12. Re1 Nb4 13. e4 Bh3 14. a3 Bxg2 15. Kxg2 Nc6 16. Bb2 Rfe8 17. b4
h6 18. Qd2 Nh7 19. Nh4 Ng5 20. Nf5 Ne7 21. h4 Ne6 22. Qe3 $14 {Lautier,J-Lutz,
C/Cap d'Agde/1994/EXP43/}) 11. h3 $5 (11. d3 Qd7 $10) 11... Bh5 12. d3 e4 13.
dxe4 Nxe4 14. Bb2 Re8 (14... Ng5 15. g4 Nxf3+ 16. Qxf3 Bg6 17. Rfd1 $14) 15.
Qd5 $6 Ra5 16. Qd3 Nb4 17. Qe2 (17. Qd4 f6 $15 (17... Qf6 $2 18. Qxe4 $1 Rxe4
19. Bxf6 gxf6 20. Nd4 $18)) (17. Qb1 Bxf3 18. Bxf3 Nd2 $17) 17... h6 $2 (17...
Nxa2 $1 18. Bxg7 $2 Kxg7 19. Rxa2 Nc3 20. Qb2 Rxa2 21. Qxc3+ Qf6 22. Nd4 Bg6
$19) 18. a3 Nc6 19. b4 Ra8 20. Rad1 Qe7 21. g4 Bg6 22. Nd2 (22. Nd4 Nxd4 23.
Rxd4 c5 $13) 22... Qe6 23. Nxe4 Bxe4 24. f3 Bh7 25. Rfe1 Ne5 26. Bf1 Qf6 27.
Bg2 Qe6 28. Bf1 Qf6 29. Bg2 (29. f4 $2 Nf3+ 30. Kf2 $2 (30. Kh1 Qh4 31. Qxf3
Be4 $19) 30... Qh4+ 31. Kxf3 Be4#) 1/2-1/2

[Event "Nordic zt"]
[Site "Ostersund"]
[Date "1992.??.??"]
[Round "9"]
[White "Petursson, Margeir"]
[Black "Hjartarson, Johann"]
[Result "0-1"]
[WhiteElo "2565"]
[BlackElo "2595"]
[Annotator "Ribli,Z"]
[PlyCount "80"]
[EventDate "1992.??.??"]
[EventType "swiss"]
[EventRounds "9"]
[EventCountry "NOR"]
[SourceTitle "CBM 031"]
[Source "ChessBase"]
[SourceDate "1992.12.01"]
[SourceVersion "1"]
[SourceVersionDate "1992.12.01"]
[SourceQuality "1"]

1. c4 e5 2. Nc3 Nf6 3. Nf3 Nc6 4. g3 Bc5 $5 5. Bg2 d6 6. O-O O-O 7. d3 (7. e3
$5) 7... h6 $1 8. a3 a6 $5 (8... a5 9. e3 Bb6 (9... Bf5 10. b3 Qd7 11. Bb2 Bb6
$13 {Vaganian,R-Sokolov,I Bled/Rogaska Slatina 1991 CBM/24 52/37}) 10. b3 Bf5
11. h3 Qd7 12. Kh2 Bh7 13. Ng1 Kh8 14. Nge2 Rfe8 15. Bb2 $14 {Gurevich,
M-Sokolov,I Belgrad 1991 CBM/27 53/38}) 9. b4 Ba7 10. Bb2 Bg4 (10... Be6 11.
Nd2 d5 12. cxd5 Nxd5 13. Rc1 (13. Nc4 $5) 13... Nxc3 14. Bxc3 Bd5 15. Bxd5 Qxd5
16. Qb3 Rad8 17. a4 Rfe8 $13 {Lautier,J-Sokolov,I Wijk 1991 CBM/22 51/36}) 11.
h3 (11. Rc1 Qd7 12. Nd2 Nh7 13. Nd5 $13 {Larsen,B-Miles,A Bugojno 1984 37/27})
11... Be6 12. Kh2 Rb8 13. Rc1 Qd7 14. e4 Nd4 15. Nxd4 (15. Nd5 $5) 15... Bxd4
16. f4 Qd8 17. Rc2 (17. Qd2 $5) 17... b5 18. f5 Bd7 19. Bc1 bxc4 20. dxc4 c5 $1
$13 21. g4 cxb4 22. axb4 Rxb4 23. g5 hxg5 24. Bxg5 Bc6 25. Nd5 Bxd5 26. cxd5
Bc5 $17 27. Ra2 a5 28. h4 Re8 $1 29. Bf3 Qb6 $1 30. Bxf6 gxf6 31. Bg2 Kf8 32.
Qg4 Rb2 33. Rxb2 Qxb2 34. Rf3 a4 35. Rg3 Ke7 36. Qd1 Rh8 37. Qxa4 Rxh4+ 38. Rh3
Rg4 39. Rg3 Rxg3 40. Kxg3 Qf2+ 0-1

[Event "Buenos Aires Najdorf"]
[Site "Buenos Aires"]
[Date "1993.??.??"]
[Round "1"]
[White "Kamsky, Gata"]
[Black "Campora, Daniel Hugo"]
[Result "1-0"]
[WhiteElo "2655"]
[BlackElo "2550"]
[Annotator "Ribli,Z"]
[PlyCount "63"]
[EventDate "1993.04.??"]
[EventType "tourn"]
[EventRounds "11"]
[EventCountry "ARG"]
[EventCategory "13"]
[SourceTitle "CBM 035"]
[Source "ChessBase"]
[SourceDate "1993.08.01"]
[SourceVersion "1"]
[SourceVersionDate "1993.08.01"]
[SourceQuality "1"]

1. c4 e5 2. Nc3 Nf6 3. Nf3 Nc6 4. g3 Nd4 5. Bg2 Nxf3+ 6. Bxf3 Bb4 7. d4 $5 (7.
Qb3 $5 {Hansen,Cu-Christiansen,L/Munich/1992/CBM30/}) 7... e4 8. Bg2 O-O (8...
Bxc3+ 9. bxc3 h6 10. Qc2 O-O $2 11. Bxe4 $16 {Kortschnoj,V-Bareev,E/Tilburg/
1991/CBM26/INF53,39/}) 9. O-O Bxc3 10. bxc3 Re8 $6 (10... h6 $5) 11. Bg5 $1 h6
12. Bxf6 Qxf6 13. f3 $1 exf3 (13... e3 14. f4 d6 15. Rb1 $14) 14. Bxf3 Qg5 15.
Bd5 Re7 16. Qd3 c6 (16... d6 $2 17. Rxf7 Rxf7 18. Rf1 $18) 17. Rf5 $1 Qg4 (
17... Qg6 $2 18. Rxf7 $18) 18. Bf3 Qg6 19. Bh5 Qh7 20. Re5 $1 Qxd3 21. exd3 Re6
22. Rb1 g6 23. Rxe6 $1 dxe6 24. Bf3 Kf8 25. c5 a5 26. c4 Ra7 27. Kf2 Ke7 28.
Ke3 Bd7 29. a3 Be8 30. Rb6 Kd8 31. d5 $1 Kc7 32. d6+ 1-0

[Event "FRA-ch"]
[Site "Meribel"]
[Date "1998.08.24"]
[Round "11"]
[White "Bauer, Christian"]
[Black "Miralles, Gilles"]
[Result "1/2-1/2"]
[WhiteElo "2490"]
[BlackElo "2515"]
[Annotator "Ribli,Z"]
[PlyCount "128"]
[EventDate "1998.08.14"]
[EventType "tourn"]
[EventRounds "15"]
[EventCountry "FRA"]
[EventCategory "10"]
[SourceTitle "CBM 067"]
[Source "ChessBase"]
[SourceDate "1998.11.30"]
[SourceVersion "2"]
[SourceVersionDate "1998.11.01"]
[SourceQuality "1"]

{[%mdl 4096]} 1. c4 e5 2. g3 Nf6 3. Bg2 d5 4. cxd5 Nxd5 5. Nf3 Nc6 6. O-O Be7
7. Nc3 (7. d4) 7... Nb6 {Jetzt haben wir die Grundstellung der Drachenvariante
mit vertauschten Farben, in der Weiß die Sizilianische Verteidigung mit einem
Mehrtempo spielt. Ribli.} 8. b4 $6 {Dieses Bauernopfer gefällt mir nicht. Weiß
bekommt keine ausreichende Kompensation für den geopferten Bauern.} (8. Rb1) (
8. a3) 8... Bxb4 $15 9. Qb3 {Weiß entfaltet etwas Initiative, hat aber nicht
konkretes.} (9. Ne4 $2 f5 10. Nc3 e4 11. Nh4 g5 12. e3 Be6 13. Nxe4 fxe4 14.
Bxe4 gxh4 15. Qh5+ Bf7 16. Bxc6+ bxc6 17. Qe5+ Kd7 18. Qf4 Qe7 {0-1 Lukin,
A-Schneider,A/Groningen 1991}) (9. Nxe5 $2 Nxe5 10. Qb3 Be7 11. d4 Nec4 12. a4
a5 13. e4 O-O 14. Rd1 Bg4 15. f3 Be6 16. d5 Bd7 17. Nb5 Bc5+ 18. Kh1 c6 19. Nc3
cxd5 20. Nxd5 Be6 21. Bf1 Bxd5 22. exd5 Qf6 {0-1 Scherer,M-Hess,R/Wiesbaden
1992 (53)}) 9... a5 (9... Be6 $5 10. Qb1 (10. Qc2 O-O $15) 10... Be7 $15 (10...
Bxc3 11. dxc3 $44 {[%cal Gf3g5,Gc1a3,Ga3f8]})) 10. a3 a4 (10... Be6 $5) 11. Qb2
Be7 (11... Nc4 12. Qc2 Bxc3 13. Qxc3 $44 {Weiß hat etwas Kompensation, weil
dem Nachziehenden der schwarze Läufer fehlt.}) 12. d3 O-O 13. Be3 {[%csl Ge3]
[%cal Gc1c7,Gb1b7] Weiß entfaltet positionellen Druck über die b- und c-Linie.
Es ist für Schwarz nicht leicht, seinen Materialvorteil zu verwerten.} Ra5 (
13... Ra6 14. Rfc1) 14. Rfb1 Bc5 (14... Nd4 15. Bxd4 exd4 16. Nb5 c5 17. Nbxd4
Nd5 18. Nb5 Bf6 $13 19. d4) 15. Bd2 {[%cal Gd2a5] Schwarz hat einige Probleme
mit der Figurenkoordination.} (15. Bxc5 Rxc5 $15) 15... Ra8 (15... Nd4 16. Nxd4
Qxd4 (16... exd4 17. Ne4 {[%cal Rd2a5,Ge4c5]}) 17. Ne4 Qxb2 18. Rxb2 Bd4 19.
Bxa5 Bxb2 20. Ra2 Bd4 21. Rc2 $132 {[%csl Ga5,Rb6,Gc2,Ge4]}) 16. Ne4 Bd4 (16...
Bd6 17. Bc3 f6 18. d4 $44) 17. Nxd4 Nxd4 (17... exd4 18. Nc5 {[%csl Gc5,Gd2,
Gg2] Weiß besitzt das Läuferpaar und es ist für Schwarz nicht leicht, seinen
Damenflügel zu entwickeln.}) 18. Bc3 Nb3 (18... Bg4 19. Bxd4 Qxd4 (19... exd4
20. Nc5 {[%csl Rb6,Rb7,Gc5,Gg2]})) 19. Bxe5 {Das weiße Qualitätsopfer ist die
viel bessrere Möglichkeit als eine passive Verteidigung.} (19. Ra2 f6 $17)
19... f6 (19... Nxa1 20. Bxg7 {[%csl Gb2,Ge4,Gg7,Rg8]} f5 21. Bxf8 Qxf8 22.
Nf6+ $16) 20. Bc3 Nxa1 21. Qxa1 Rf7 $6 {Schwarz möchte Schachmotive auf der
a2-g8-Diagonalen vermeiden, aber sein Turm steht nicht besonders gut auf f7.} (
21... Nd5 22. Qa2 Kh8 $17) 22. Qa2 {[%cal Ga2g8]} Qe7 (22... Nd5 23. Qxd5 Qxd5
24. Nxf6+ gxf6 (24... Rxf6 25. Bxd5+ $14 {[%csl Gc3,Gd5,Rf6,Rg8]}) 25. Bxd5 $14
) 23. Bb4 {[%csl Gb4] Die weißen Leichtfiguren stehen sehr wirkungsvoll.} Be6 (
23... Qe6 24. Qxe6 (24. Qc2) 24... Bxe6 25. Nc5 Bd5 26. Nxb7 $13) 24. Qd2 Qe8 (
24... Qd8 25. Nc5 Bd5 26. Nxb7 $13 {[%cal Rb7d8]}) 25. Nc5 Bd5 (25... Nd5 26.
Nxb7 Rb8 27. Nc5 Nxb4 28. Rxb4 Rxb4 29. Qxb4 $13 {[%csl Gb4,Gc5,Gg2] Weiß hat
einen Bauern und aktives Spiel für die geopferte Qualität.}) 26. e4 {Weiß
mobilisiert seine Zentrumsbauern und erlangt so Gegenspiel.} (26. Nxb7 $2 Bxg2
27. Kxg2 Qc6+ $19 {[%cal Rc6g2,Rc6b7]}) 26... Bc6 27. d4 {[%csl Gd4,Ge4]} Nd7 (
27... Rb8) 28. d5 Nxc5 (28... b6 29. Ne6 {[%csl Ge6][%cal Re6c7,Rd5c6]}) 29.
Bxc5 (29. dxc6 Qxc6 30. e5 {[%cal Rg2a8]} (30. Rc1 Nb3 {[%cal Rb3c1,Rb3d2]} 31.
Rxc6 Nxd2 $17) (30. Qc2 Ne6 $17) 30... Ne4 31. Qe3 f5 $17) 29... Bb5 30. f4 {
[%csl Gc5,Gd5,Ge4,Gf4,Gg2] Die weiße Bauernmasse ist besonders mit der
Unterstützung des Läuferpaares gefährlich. Natürlich steht Schwarz etwas
besser, aber die Verwertung seines Materialvorteils scheint schwierig.} b6 (
30... Rd8 31. Qc2 Ba6) 31. Bd4 Rd8 {[%cal Gd8d2]} 32. Bc3 (32. Qc2 Re7 {
In einigen Varianten droht das Motiv ...Rxd5 und nach exd5 ...Re1+.}) 32... Bc4
33. Qd4 Bb3 34. e5 {[%csl Gc3,Gd5,Ge5,Gg2]} fxe5 35. fxe5 Qe7 (35... c5 36. Qd2
b5 $5) 36. e6 Rf5 (36... Rff8 37. Bb4 c5 (37... Qxe6 38. Bxf8 (38. dxe6 Rxd4
39. Bxf8 Kxf8 $17) 38... Kxf8 39. Rf1+ Ke8 (39... Kg8 40. dxe6 Rxd4 41. e7 Bf7
42. Bc6 $16) 40. Qxg7 $40 {[%csl Re6,Re8,Gf1,Gg7]} (40. Qxa4+ Bxa4 41. dxe6 $14
{[%csl Ge6]})) 38. dxc6 Rxd4 39. Bxe7 Re8 $15) 37. Bb4 Qxe6 $6 {Schwarz
bekommt so ein Endspiel mit zwei Mehrbauern, aber die Verwertung ist schwierig.
Meines Erachtens wäre es besser, die Damen auf dem Brett zu behalten.} (37...
Qg5 $5 38. e7 Re8 39. d6 cxd6 40. Bxd6 b5 41. Bc6 Rxe7 42. Bxe7 Qxe7 $17) 38.
dxe6 Rxd4 39. Re1 $1 {[%csl Gb4,Ge6,Gg2][%cal Ge1e8]} Rd1 (39... c5 40. e7 Bf7
41. Bc3 Rc4 42. Bh3 $16 {[%csl Ge1,Ge7,Gh3]}) (39... Bxe6 $5 40. Rxe6 c5 $15 {
Schwarz hat Turm und zwei Bauern gegen das Läuferpaar, steht aber wegen seiner
gefährlichen Bauern am Damenflügel besser.}) 40. Rxd1 Bxd1 41. e7 Kf7 (41...
Bh5 42. g4 $16 {[%csl Ge7][%cal Rg4h5,Rg4f5]}) (41... Re5 42. Bd5+ Kh8 (42...
Rxd5 43. e8=Q#) 43. Bf7 c5 44. Bxc5 bxc5 45. e8=Q+ Rxe8 46. Bxe8 $15) 42. Bc6 {
[%cal Re7e8]} Re5 43. e8=R Rxe8 44. Bxe8+ Kxe8 {Die ungleicharbigen Läufer
bieten dem Weißen Rettungschancen.} 45. Kf2 Kd7 (45... c5 46. Bc3 g5 $17 {
Schwarz gewinnt zunächst Raum am Königsflügel, um später mit seinem König die
weißen Bauern anzugreifen. In der Partie spielte Schwarz eigentlich nur am
Damenflügel, hatte keine konkreten Gewinnchancen.} (46... g6)) 46. Ke3 Bg4 (
46... c5 47. Bc3 g5 $5 (47... g6)) 47. Bf8 g6 48. h4 $5 {Weiß errichtet eine
schwarzfeldrige Festung.} Ke6 49. Kd4 Be2 50. Bh6 c5+ (50... b5 $2 51. Kc5 Kf5
52. Bf4 $11 {Die angestebte Festung ist erreicht.}) 51. Kc3 Kd5 {[%csl Gd5]
Die einzige schwarze Durchbruchsmöglichkeit ...b4 scheint zum Gewinn nicht
ausreichend.} 52. Bf4 Ba6 53. Bg5 b5 54. Be7 {[%cal Ge7a3]} b4+ (54... c4 55.
Kb4 Ke4 56. Bf6 Kf3 (56... Kd3 57. Be5) 57. Be5 $11 {Wenn der schwarze König
g3 bedroht, muß Weiß mit dem Läufer auf der b8-h2-Diagonalen bleiben, möchte
Schwarz ...c4-c3 ziehen, gehört der Läufer auf die Diagonale a1-h8.}) 55. axb4
c4 (55... cxb4+ 56. Kxb4 Ke4 57. Bd6 $11) 56. b5 $1 {Weiß opfert einen Bauern
für eine freiere Verteidigungsstellung.} (56. Kb2 Kd4 $17 {[%csl Ga4,Gc4,Gd4]})
56... Bxb5 57. Kb4 Ke6 {Wenn Schwarz einen Bauern zurückgeben muß, ist die
Stellung theoretisch remis.} (57... Bc6 58. Bf6) (57... Kc6 58. Bf6) 58. Bf8
Kf5 $5 59. Kxb5 c3 (59... Kg4 60. Kxa4 (60. Bd6 $11) 60... Kxg3 61. Kb4 Kxh4
62. Kxc4 $11) 60. Kxa4 c2 61. Bh6 Kg4 62. Bf4 $11 {Endlich ist alles
verteidigt. Schwarz muß seinen c-Bauern geben.} c1=Q 63. Bxc1 Kxg3 64. Bg5 h6 {
und hier wurde remis vereinbart.} (64... h6 65. Be7 (65. Bxh6 Kxh4 $11) 65...
Kg4 (65... g5 $2 66. Bxg5 (66. hxg5 hxg5 $11) 66... hxg5 67. hxg5 $18) 66. Kb3
g5 $11) 1/2-1/2

[Event "Moscow Aeroflot op-A"]
[Site "Moscow"]
[Date "2003.02.18"]
[Round "8"]
[White "Kotsur, Pavel"]
[Black "Morozevich, Alexander"]
[Result "0-1"]
[WhiteElo "2586"]
[BlackElo "2678"]
[Annotator "Ribli,Z"]
[PlyCount "78"]
[EventDate "2003.02.10"]
[EventType "swiss"]
[EventRounds "9"]
[EventCountry "RUS"]
[SourceTitle "CBM 094"]
[Source "ChessBase"]
[SourceDate "2003.05.26"]
[SourceVersion "1"]
[SourceVersionDate "2003.05.26"]
[SourceQuality "1"]

1. c4 e5 2. Nc3 Nf6 3. g3 d5 4. cxd5 Nxd5 5. Bg2 Nb6 6. Nf3 Nc6 {Diese
Variante, welche eigentlich die Drachenvariante der Sizilianische Verteidigung
mit vertauschten Farben darstellt, ist sehr populär in der letzten Zeit. Sie
fuehrt zu assymetrischem Spiel mit beiderseitigen Chancen.} 7. O-O Be7 8. d3
O-O 9. a3 Re8 10. b4 Bf8 11. Bb2 {Weiß hat seine Chancen am Damenfluegel,
Schwarz steht dafür stark im Zentrum.} Bg4 (11... a5 12. b5 Nd4 {Das waere die
Grundstellung der andere populare Variante.}) 12. Nd2 (12. Rc1 Nd4 (12... a5
13. b5 Nd4) (12... Qd7 13. Ne4 Rad8 14. Nc5 Bxc5 15. bxc5 Nd5 16. Rc4 Be6 17.
Rh4 f6 18. Qc2 Nde7 19. Ra4 b5 20. cxb6 cxb6 {0-1 Espig,G-Grabuzova,T/Germany
1996/EXT 99 (26)}) 13. Nxd4 exd4 14. Ne4 c6 15. h3 Bc8 16. Nc5 g6 17. Qd2 Bg7
18. e4 Nd7 19. Nb3 Nb6 20. f4 Na4 21. Kh2 h5 22. h4 Be6 23. Nc5 {1/2-1/2
Damljanovic,B-Pavlovic,M/Banja Koviljaca 2002/CBM 89 (55)}) (12. h3 $5) 12...
Rb8 {Schwarz verteidigt vorher den b7-Bauern und moechte Nd4 ziehen.} (12...
Qd7 13. b5 Nd8 14. a4 Bh3 15. Bxh3 Qxh3 16. Rc1 Re6 17. Nce4 Rh6 18. Nf3 Bd6
19. d4 Ne6 20. dxe5 Be7 21. Kh1 {1-0 Sakaev,K-Berezjuk,S/Vienna 1995/EXT 98 
(75)}) 13. Re1 (13. Bxc6 bxc6 14. Nb3 Nd5 15. Rc1 Re6 16. Ne4 f5 17. Nec5 Rh6
18. Rc2 Bxc5 19. Nxc5 Qg5 20. Bc1 f4 $40 {0-1 Gebigke,M-Kargoll,B/Pforzheim
1997/EXT 2001 (34)}) 13... Nd4 {[%csl Gd4,Gg4] Schwarz hat aktives
Figurenspiel, besonders der d4N steht aktiv.} (13... Qd7 $11) 14. Qc1 {[%cal
Ge2e3] Weiß vermeidet die Fesselung des e2-Bauern, um 15.e3 zu ziehen.} (14. h3
Bh5 $11 (14... Be6 {[%cal Gd8d7,Gd7h3]} 15. e3 Nf5 16. Nde4 $14)) 14... Bf5 $1
$11 {[%cal Gf5d3][%mdl 4] Ein prophylaktischer Zug - Schwarz bereitet sich
gegen e2-e3 vor, wonach er den d3-Bauern angreifen kann.} 15. Qd1 {Das ist ein
indirektes Remisangebot - Weiß moechte die Zuege wiederholen.} (15. e3 Nc6 {
[%csl Rd3]}) 15... c6 16. e3 Nb5 (16... Ne6 17. Nde4 $11) 17. Nde4 (17. Nxb5
cxb5 18. d4 (18. e4 Bg6 $15 {[%cal Gb6a4,Ga4b2]}) 18... Na4 $15) 17... Nxc3 18.
Bxc3 Qd7 {[%cal Rb8d8,Rd8d3]} 19. Qc2 {Dieser Zug ist ein wenig schablonenhaft
- Weiß bereitet den Zug 20.Rad1 vor.} (19. f4 $5 exf4 20. gxf4 Rbd8 21. Bd4 Nd5
22. Qf3 $11) 19... Rbd8 20. Rad1 Bg4 $15 21. Rd2 (21. f3 Bf5 22. f4 exf4 23.
gxf4 Nd5 $15) 21... Nd5 22. Bb2 b6 $6 {Mit dieser Fortsetzung verteidigt sich
Schwarz gegen Nc5. Dieser Zug schwaecht ein wenig den schwarzen Damenfluegel,
aber das hat keine große Bedeutung.} (22... Bh3 $15) 23. Rc1 Rc8 24. d4 $1 $13
{Endlich kann Weiß seine Figuren aktivieren.} exd4 (24... f5 25. h3 (25. Nc3 e4
$15) 25... Bh5 26. g4 $13) 25. Rxd4 {Endlich konnte Weiß seine Figuren
aktivieren - mit zwei aktiven Läufern steht er bestimmt nicht schlechter.} (25.
Bxd4 Bf5 $15 {[%cal Gf5c2]}) 25... Qf5 26. Qd3 {[%cal Gf5h5,Gf5d3]} (26. Qa4 $5
) 26... Qh5 27. Nd2 (27. Qa6 Nc7 $13) 27... Ne7 28. Ne4 {Wieder ein indirektes
Remisangebot - Weiß waere zufrieden (mit ungefaehr 100 Elo-Punkten weniger)
mit der Zugwiederholung.} (28. h3 $5 Be2 (28... Bxh3 29. Rh4 $18 {[%cal Rh4h5,
Rh4h3]}) 29. Qb1 $13) 28... Ng6 {[%cal Gg6e5,Ge5f3,Ge5d3]} 29. f4 Be2 (29...
Bf5 $13) 30. Qb3 Rc7 {Schwarz verteidigt vorher den f7-Bauern.} 31. Ng5 $6 (31.
h3 $5) 31... c5 $15 32. bxc5 (32. Rd2 c4 $15) 32... Bxc5 {[%csl Gc5][%cal
Gc5g1][%mdl 2048]} 33. Re4 (33. Ne4 Bf3 $15) 33... Rec8 {[%cal Gc8c1]} 34. Qc3
Bf8 $1 (34... Qh6) 35. Qxc7 $6 {Mit diesem Zug bekommt Weiß zwar zwei Tuerme
für die Dame, aber im folgenden hat er große Schwierigkeiten mit der
Figurenkoordination.} (35. Qd2 Rxc1+ 36. Bxc1 Ne7 $15 (36... h6 37. Nxf7 Bd3 (
37... Kxf7 38. Qa2+ $18) (37... Rxc1+ 38. Qxc1 Kxf7 39. f5 Qxf5 40. Qc2 $18) (
37... Bf3 38. Bxf3 Qxf3 39. Nxh6+ gxh6 (39... Kh7 40. Nf7 $18) 40. Qd5+ Kh7 41.
Re7+ Nxe7 42. Qxf3 Rxc1+ 43. Kg2 $14) 38. Rd4 Rc2 39. Qxd3 Rxc1+ 40. Kf2 Kxf7
41. Qb3+ $13)) 35... Rxc7 36. Rxc7 h6 $17 {[%csl Rg5]} 37. f5 (37. Nxf7 Bd3 $19
{[%cal Rd3e4,Rh5d1]}) (37. Nh3 Bd3 $17 {[%cal Rd3e4,Rh5d1]}) 37... Bd3 {
[%cal Rh5d1,Rd3e4,Rh6g5,Rd1g1]} 38. fxg6 Qd1+ 39. Kf2 Qd2+ $19 (39... Qd2+ 40.
Kg1 (40. Kf3 Qe2+ 41. Kf4 Bd6+ 42. Be5 hxg5+ $19) 40... Qe1+ $19) 0-1